Statistics for French Territory Capitals

Click here to take the quiz!

General Stats

  • This quiz has been taken 83 times
  • The average score is 6 of 11

Answer Stats

TerritoryCapital% Correct
French GuianaCayenne
89%
GuadeloupeBasse-Terre
75%
MartiniqueFort-de-France
73%
French PolynesiaPape'ete
70%
New CaledoniaNouméa
59%
RéunionSaint-Denis
59%
Saint Pierre et MiquelonSaint-Pierre
55%
Wallis and FutunaMata-Utu
45%
MayotteMamoudzou
41%
Saint BarthélemyGustavia
39%
Saint MartinMarigot
36%

Score Distribution

Percentile by Number Answered

Percent of People with Each Score

Your Score History

You have not taken this quiz